[Event "World Junior Open 2015"]
[Site "Khanty-Mansiysk RUS"]
[Date "2015.09.10"]
[Round "8.7"]
[White "Gagare, Shardul"]
[Black "Abasov, Nijat"]
[Result "0-1"]
[WhiteTitle "IM"]
[BlackTitle "GM"]
[WhiteElo "2469"]
[BlackElo "2511"]
[WhiteFideId "5037883"]
[BlackFideId "13402960"]
[EventDate "2015.09.02"]

1. d4 Nf6 2. c4 e6 3. Nf3 d5 4. Nc3 Bb4 5. cxd5 exd5 6. Bg5 h6 7. Bh4 c5 8. dxc5
Nbd7 9. e3 Qa5 10. Rc1 O-O 11. a3 Bxc3+ 12. Rxc3 Ne4 13. b4 Nxc3 14. Qa1 Qa4 15.
Qxc3 a5 16. b5 Nxc5 17. Qxc5 Bf5 18. Qxd5 Rfc8 19. Be2 Rc1+ 20. Bd1 Bc2 21. Ke2
Rc8 22. Be7 Bxd1+ 23. Rxd1 R8c2+ 24. Nd2 Qg4+ 25. Qf3 Qc4+ 26. Ke1 Qd3 27. Qe2
Qc3 0-1

[Event "World Junior Open 2015"]
[Site "Khanty-Mansiysk RUS"]
[Date "2015.09.10"]
[Round "8.8"]
[White "Loiseau, Quentin"]
[Black "Georgiadis, Nico"]
[Result "1/2-1/2"]
[WhiteTitle "IM"]
[BlackTitle "IM"]
[WhiteElo "2419"]
[BlackElo "2484"]
[WhiteFideId "665274"]
[BlackFideId "1300113"]
[EventDate "2015.09.02"]

1. d4 Nf6 2. Nf3 d5 3. c4 e6 4. Nc3 Bb4 5. cxd5 exd5 6. Bg5 h6 7. Bh4 c5 8. Qb3
Nc6 9. a3 c4 10. Qc2 Bxc3+ 11. bxc3 g5 12. Bg3 Ne4 13. Nd2 Bf5 14. Nxe4 Bxe4 15.
Qb2 Qe7 16. f3 Bg6 17. e4 f5 18. e5 f4 19. Bf2 O-O-O 20. Be2 Na5 21. a4 h5 22.
h4 Nb3 23. Ra3 g4 24. fxg4 hxg4 25. Bxg4+ Kb8 26. Rh2 Be4 27. Bd1 Rdg8 28. Bxb3
cxb3 29. Rxb3 Rxg2 30. Rxg2 Bxg2 31. a5 Qh7 32. a6 b6 33. Qa3 Rd8 34. Qc5 f3 35.
Kd2 Bf1 36. e6 Qh6+ 37. Be3 Qxe6 38. Bf4+ Ka8 39. Qc7 Qc8 40. Qxc8+ Rxc8 41. Ke3
Bxa6 1/2-1/2

[Event "World Junior Open 2015"]
[Site "Khanty-Mansiysk RUS"]
[Date "2015.09.10"]
[Round "8.9"]
[White "Pichot, Alan"]
[Black "Ali Marandi, Cemil Can"]
[Result "1-0"]
[WhiteTitle "IM"]
[BlackTitle "IM"]
[WhiteElo "2528"]
[BlackElo "2422"]
[WhiteFideId "110973"]
[BlackFideId "6300529"]
[EventDate "2015.09.02"]

1. e4 e5 2. Nf3 Nc6 3. Bb5 a6 4. Ba4 Nf6 5. O-O b5 6. Bb3 Bb7 7. d3 Be7 8. Nc3
O-O 9. a3 d6 10. Re1 Qd7 11. Ne2 d5 12. exd5 Nxd5 13. Ng3 Rad8 14. a4 Kh8 15.
axb5 axb5 16. Nxe5 Nxe5 17. Rxe5 f5 18. Qf3 f4 19. Bxf4 Bd6 20. Rxd5 Bxd5 21.
Qxd5 Bxf4 22. Qxd7 Rxd7 23. Ne4 Be5 24. Ra5 Rb8 25. Ng5 Bxb2 26. Nf7+ Rxf7 27.
Bxf7 Bd4 28. Kf1 g6 29. Bd5 Bc3 30. Ra7 Be5 31. g3 Bd6 32. Bc6 Kg7 33. Ra5 b4
34. Bd5 Re8 35. f4 h6 36. Be4 Rb8 37. Kg2 b3 38. cxb3 Rxb3 39. h4 Rc3 40. Kf3
Rc1 41. Kg4 Rg1 42. Kh3 Rc1 43. Ra8 Rg1 44. Kh2 Re1 45. Rd8 Re2+ 46. Kh3 Re3 47.
Kh2 g5 48. hxg5 hxg5 49. fxg5 Bxg3+ 50. Kh3 Bd6+ 51. Kh4 Re2 52. Rd7+ Kf8 53. g6
Be5 54. Rf7+ Kg8 55. Bd5 Rh2+ 56. Kg5 c6 57. Bc4 1-0

[Event "World Junior Open 2015"]
[Site "Khanty-Mansiysk RUS"]
[Date "2015.09.10"]
[Round "8.10"]
[White "Chigaev, Maksim"]
[Black "Sunilduth Lyna, Narayanan"]
[Result "1/2-1/2"]
[WhiteTitle "IM"]
[BlackTitle "IM"]
[WhiteElo "2531"]
[BlackElo "2473"]
[WhiteFideId "4108116"]
[BlackFideId "5058422"]
[EventDate "2015.09.02"]

1. e4 c6 2. d4 d5 3. Nc3 dxe4 4. Nxe4 Bf5 5. Ng3 Bg6 6. h4 h6 7. Nf3 e6 8. Ne5
Bh7 9. Bd3 Bxd3 10. Qxd3 Bb4+ 11. c3 Bd6 12. f4 Nd7 13. Qf3 Ngf6 14. Bd2 O-O 15.
O-O-O Qc7 16. Nh5 Nxh5 17. Qxh5 Rad8 18. Rh3 Nf6 19. Qe2 h5 20. Rg3 c5 21. dxc5
Bxe5 22. Qxe5 Qxe5 23. fxe5 Ne4 24. Rf3 Nxc5 25. Kc2 Rd5 26. Re1 Rfd8 27. Bg5
R8d7 28. c4 Rd4 29. b3 Nd3 30. Re2 a6 31. a4 Nb4+ 32. Kc3 a5 33. Rd2 Nc6 34.
Rfd3 1/2-1/2

[Event "World Junior Open 2015"]
[Site "Khanty-Mansiysk RUS"]
[Date "2015.09.10"]
[Round "8.11"]
[White "Sanal, Vahap"]
[Black "Tran, Tuan Minh"]
[Result "0-1"]
[WhiteTitle "IM"]
[BlackTitle "IM"]
[WhiteElo "2522"]
[BlackElo "2417"]
[WhiteFideId "6300545"]
[BlackFideId "12401820"]
[EventDate "2015.09.02"]

1. e4 c5 2. Nf3 d6 3. d4 cxd4 4. Nxd4 Nf6 5. Nc3 a6 6. Bg5 e6 7. f4 Qb6 8. Nb3
Nbd7 9. Qd2 Be7 10. O-O-O Qc7 11. Bd3 h6 12. Bh4 b5 13. a3 Bb7 14. Qe1 Rc8 15.
Kb1 Nb6 16. e5 dxe5 17. fxe5 Nfd5 18. Nxd5 Bxd5 19. Bxe7 Qxe7 20. Rg1 Nc4 21. g4
Qc7 22. Bxc4 Qxc4 23. Qf2 Be4 24. Nd4 O-O 25. Rge1 Bh7 26. Re3 Rfd8 27. Rc3 Qd5
28. Qe3 Rxc3 29. bxc3 Qg2 30. Rg1 Qxh2 31. Kb2 Bg6 32. Re1 Rd5 33. Re2 Qh4 34.
Qf4 Qe7 35. Rd2 Qc7 36. Nf3 Rc5 37. Qe3 Rc4 38. Rd4 Rxd4 39. Nxd4 Qb7 40. Kb3
Be4 41. Kb4 Bd5 42. Nb3 Qc7 43. Nd2 g6 44. Qxh6 Qxe5 45. a4 bxa4 46. c4 Bc6 0-1

[Event "World Junior Open 2015"]
[Site "Khanty-Mansiysk RUS"]
[Date "2015.09.10"]
[Round "8.12"]
[White "Gordievsky, Dmitry"]
[Black "Goryachkina, Aleksandra"]
[Result "1/2-1/2"]
[WhiteTitle "FM"]
[BlackTitle "WGM"]
[WhiteElo "2511"]
[BlackElo "2497"]
[WhiteFideId "24112798"]
[BlackFideId "4147103"]
[EventDate "2015.09.02"]

1. d4 d5 2. c4 c6 3. Nf3 Nf6 4. Nc3 e6 5. Bg5 Nbd7 6. e3 Qa5 7. cxd5 exd5 8. Bd3
Ne4 9. O-O Nxg5 10. Nxg5 Nf6 11. e4 dxe4 12. Ngxe4 Be7 13. Nxf6+ Bxf6 14. Re1+
Be6 15. Bc4 O-O-O 16. Bxe6+ fxe6 17. Qb3 Bxd4 18. Qxe6+ Kb8 19. Ne4 Rhe8 20. Qb3
Re7 21. Qc2 Rde8 22. Kh1 Qb6 23. f3 Qxb2 24. Qxb2 Bxb2 25. Rad1 Kc7 26. Re2 Be5
27. Red2 b6 28. h4 c5 29. g4 Bd4 30. Kg2 Kc6 31. h5 h6 32. Ng3 Re1 33. Rxe1 Rxe1
34. Nf5 Bf6 35. Kf2 Re6 36. f4 c4 37. Kf3 b5 38. Rg2 b4 39. g5 hxg5 40. fxg5 Ba1
41. Rg1 Bb2 42. g6 Kc5 43. Rg5 Kb6 44. Rg2 Bf6 45. h6 gxh6 46. g7 Bxg7 47. Rxg7
a5 48. Nd4 Re1 49. Kf2 Ra1 50. Ke3 Rxa2 51. Ke4 Rd2 52. Rg6+ Kb7 53. Rg7+ Kc8
54. Rg8+ Kd7 55. Rg7+ Kd6 56. Rg6+ Ke7 57. Ke5 c3 58. Rg7+ Kf8 59. Rc7 a4 60.
Ne6+ Ke8 61. Ng7+ Kd8 62. Ne6+ Ke8 63. Ng7+ Kf8 64. Ne6+ Ke8 1/2-1/2

[Event "World Junior Open 2015"]
[Site "Khanty-Mansiysk RUS"]
[Date "2015.09.10"]
[Round "8.13"]
[White "Saiyn, Zhanat"]
[Black "Karthikeyan, Murali"]
[Result "0-1"]
[WhiteTitle "IM"]
[BlackTitle "GM"]
[WhiteElo "2413"]
[BlackElo "2509"]
[WhiteFideId "13703820"]
[BlackFideId "5074452"]
[EventDate "2015.09.02"]

1. d4 Nf6 2. c4 g6 3. Nc3 Bg7 4. Nf3 d6 5. Bg5 O-O 6. e3 Nbd7 7. Be2 e5 8. O-O
h6 9. Bh4 c6 10. Qc2 Qe7 11. Rad1 g5 12. Bg3 Nh5 13. Nxg5 Qxg5 14. f4 exf4 15.
exf4 Qa5 16. b4 Qxb4 17. Bxh5 Qxc4 18. Qd2 f5 19. Be2 Qb4 20. Rfe1 Kh8 21. a3
Qxa3 22. Nd5 Qb3 23. Nc7 Rb8 24. Bf3 Nf6 25. Re7 Ng8 26. Rde1 Nxe7 27. Rxe7 Bf6
28. Qe1 Bxe7 29. Qxe7 Qf7 30. Qxd6 Qf6 31. Qb4 Rd8 32. d5 Qd6 33. Qd4+ Kh7 34.
Qe5 cxd5 35. Bh4 Qxe5 36. fxe5 Bd7 37. e6 Bc6 38. Bh5 Rdc8 39. Bg3 Rxc7 40. Bxc7
Rc8 41. Be5 a5 42. h4 a4 43. Bf7 Be8 0-1

[Event "World Junior Open 2015"]
[Site "Khanty-Mansiysk RUS"]
[Date "2015.09.10"]
[Round "8.14"]
[White "Vokhidov, Shamsiddin"]
[Black "Laurusas, Tomas"]
[Result "0-1"]
[BlackTitle "IM"]
[WhiteElo "2292"]
[BlackElo "2429"]
[WhiteFideId "14204223"]
[BlackFideId "12803731"]
[EventDate "2015.09.02"]

1. e4 c5 2. Nf3 e6 3. d4 cxd4 4. Nxd4 a6 5. c4 Bc5 6. Nb3 Be7 7. Be2 d6 8. O-O
Nf6 9. Nc3 b6 10. Be3 Bb7 11. f3 O-O 12. Qd2 Nbd7 13. Nd4 Rc8 14. Rfc1 Re8 15.
Bf1 Qc7 16. a4 Qb8 17. a5 bxa5 18. Rxa5 Bd8 19. Raa1 Bc7 20. Kh1 Rcd8 21. b4 Ne5
22. Bg5 Ng6 23. g3 Rc8 24. b5 axb5 25. Ndxb5 Ne5 26. Be2 Rcd8 27. Rcb1 Bb6 28.
Nd4 Qc7 29. Be3 Bc5 30. Na4 Bc6 31. Nb5 Bxe3 32. Qxe3 Qe7 33. Nb6 d5 34. Ra7 Qf8
35. Nc7 d4 36. Qg5 Qc5 37. Na6 Qa5 38. c5 d3 39. Bd1 Qe1+ 40. Kg2 Nxf3 41. Bxf3
Qxb1 42. Nc7 Nxe4 43. Qf4 Qc2+ 44. Kh3 Ng5+ 0-1

[Event "World Junior Open 2015"]
[Site "Khanty-Mansiysk RUS"]
[Date "2015.09.10"]
[Round "8.15"]
[White "Yuffa, Daniil"]
[Black "Fontaine, Quentin"]
[Result "1-0"]
[WhiteTitle "IM"]
[WhiteElo "2476"]
[BlackElo "2122"]
[WhiteFideId "24131423"]
[BlackFideId "230804"]
[EventDate "2015.09.02"]

1. d4 f5 2. Nf3 Nf6 3. g3 g6 4. Bg2 Bg7 5. O-O O-O 6. b3 d6 7. Bb2 e5 8. dxe5
Ng4 9. Qd5+ Kh8 10. Bc3 dxe5 11. Qxd8 Rxd8 12. h3 e4 13. hxg4 exf3 14. exf3 Nc6
15. gxf5 Bxf5 16. Bxg7+ Kxg7 17. c3 g5 18. Na3 Ne5 19. Rfe1 Kf6 20. Re3 c6 21.
Bf1 h5 22. Rae1 Re8 23. Kg2 b5 24. R1e2 Rad8 25. Nc2 c5 26. b4 cxb4 27. Nxb4 Rd6
28. Re1 a5 29. Bxb5 Ree6 30. Na6 g4 31. fxg4 hxg4 32. Nc7 Nf3 33. Rxe6+ Bxe6 34.
Re4 Rd1 35. Rxe6+ Kf5 36. Bf1 Ne1+ 37. Rxe1 Rxe1 38. a4 Rc1 39. Nd5 1-0

[Event "World Junior Open 2015"]
[Site "Khanty-Mansiysk RUS"]
[Date "2015.09.10"]
[Round "8.16"]
[White "Leiva, Giuseppe"]
[Black "Barbot, Pierre1"]
[Result "1/2-1/2"]
[WhiteTitle "IM"]
[BlackTitle "FM"]
[WhiteElo "2400"]
[BlackElo "2455"]
[WhiteFideId "3804399"]
[BlackFideId "663727"]
[EventDate "2015.09.02"]

1. d4 Nf6 2. c4 e6 3. Nf3 d5 4. g3 Bb4+ 5. Bd2 Be7 6. Bg2 O-O 7. O-O c6 8. Qc2
Nbd7 9. Bf4 b6 10. Rd1 Bb7 11. Nc3 dxc4 12. Nd2 Nd5 13. Nxc4 Nxf4 14. gxf4 Qc7
15. e3 Rad8 16. a3 c5 17. Nb5 Qb8 18. dxc5 Bxg2 19. Kxg2 Bxc5 20. b4 a6 21. Nc3
Be7 22. Ne4 Qb7 23. f3 Nf6 24. Nxf6+ Bxf6 25. Rac1 Qc6 26. Qe4 Qa4 27. Rd3 Rxd3
28. Qxd3 Qc6 29. Rd1 g6 30. Ne5 Bxe5 31. fxe5 Rc8 32. Kg3 Qc3 33. f4 Kg7 1/2-1/2

[Event "World Junior Open 2015"]
[Site "Khanty-Mansiysk RUS"]
[Date "2015.09.10"]
[Round "8.17"]
[White "Arat, Ufuk Sezen"]
[Black "Johansson, Linus"]
[Result "0-1"]
[WhiteTitle "FM"]
[BlackTitle "IM"]
[WhiteElo "2441"]
[BlackElo "2400"]
[WhiteFideId "6309089"]
[BlackFideId "1711113"]
[EventDate "2015.09.02"]

1. c4 c5 2. g3 Nc6 3. Bg2 g6 4. Nf3 Bg7 5. O-O e5 6. Nc3 Nge7 7. Ne1 O-O 8. Nc2
d6 9. Ne3 Rb8 10. a3 a6 11. b4 b5 12. bxc5 dxc5 13. Ne4 bxc4 14. Ra2 f5 15. Nxc5
Qa5 16. Na4 Be6 17. Nc3 Nd4 18. a4 f4 19. Ba3 fxe3 20. Bxe7 exd2 21. Qxd2 Rf7
22. Ba3 Rb3 23. Rc1 Rd7 24. Qe1 Bg4 25. f3 Bf5 26. e4 Be6 27. Bb2 Bh6 28. f4 Qb6
29. Qf2 exf4 30. gxf4 Bxf4 31. Re1 Rf7 32. Kh1 Bc1 33. Bxc1 Rxf2 34. Rxf2 Rxc3
35. Bh6 Nf5 0-1

[Event "World Junior Open 2015"]
[Site "Khanty-Mansiysk RUS"]
[Date "2015.09.10"]
[Round "8.18"]
[White "Studer, Noel"]
[Black "Menezes, Christoph"]
[Result "0-1"]
[WhiteTitle "IM"]
[BlackTitle "FM"]
[WhiteElo "2422"]
[BlackElo "2364"]
[WhiteFideId "1319620"]
[BlackFideId "1617001"]
[EventDate "2015.09.02"]

1. e4 d6 2. d4 Nf6 3. Nc3 e5 4. Nf3 Nbd7 5. Bc4 Be7 6. a4 O-O 7. O-O a5 8. Re1
c6 9. b3 exd4 10. Nxd4 Nb6 11. Bd3 d5 12. e5 Ne8 13. Nce2 g6 14. Ng3 Ng7 15. c3
f6 16. exf6 Bxf6 17. Ba3 Rf7 18. Qc2 Bxd4 19. cxd4 Qf6 20. Rad1 Nd7 21. Re3 Ne6
22. Bb2 Ndf8 23. Rf3 Qg7 24. Rxf7 Qxf7 25. Ne2 Bd7 26. Rf1 Re8 27. Qd2 b6 28. b4
axb4 29. Qxb4 h5 30. Qxb6 h4 31. f4 Ng7 32. a5 h3 33. g3 Bf5 34. Ba6 Qe6 35. Rf2
Nd7 36. Qb3 Ra8 37. Bb7 Rxa5 38. Nc3 Qe1+ 39. Rf1 Qe3+ 40. Rf2 Rb5 0-1

[Event "World Junior Open 2015"]
[Site "Khanty-Mansiysk RUS"]
[Date "2015.09.10"]
[Round "8.19"]
[White "Megalios, Konstantinos"]
[Black "Korchmar, Vasiliy"]
[Result "1/2-1/2"]
[BlackTitle "IM"]
[WhiteElo "2242"]
[BlackElo "2409"]
[WhiteFideId "4238044"]
[BlackFideId "24131750"]
[EventDate "2015.09.02"]

1. d4 Nf6 2. c4 g6 3. Nc3 d5 4. Nf3 Bg7 5. e3 O-O 6. Qb3 c5 7. cxd5 cxd4 8. Nxd4
Nbd7 9. Bc4 Nb6 10. O-O Bd7 11. Rd1 Ne4 12. Bb5 Nxc3 13. bxc3 Bxb5 14. Nxb5 Rc8
15. e4 Rc4 16. f3 a6 17. Be3 axb5 18. Qxb5 Nxd5 19. Rxd5 Qc8 20. Rc5 1/2-1/2

[Event "World Junior Open 2015"]
[Site "Khanty-Mansiysk RUS"]
[Date "2015.09.10"]
[Round "8.20"]
[White "Iskandarov, Misratdin"]
[Black "Popov, Mikhail"]
[Result "1-0"]
[WhiteTitle "IM"]
[BlackTitle "FM"]
[WhiteElo "2405"]
[BlackElo "2327"]
[WhiteFideId "13400312"]
[BlackFideId "4146182"]
[EventDate "2015.09.02"]

1. e4 c6 2. Nc3 d5 3. Qf3 d4 4. Bc4 Nf6 5. Nce2 Nbd7 6. Bb3 e5 7. d3 a5 8. a3 h5
9. Ba2 h4 10. g4 Qe7 11. h3 Nc5 12. Qg2 Ne6 13. f4 Nxf4 14. Nxf4 exf4 15. Bxf4
Be6 16. Bxe6 Qxe6 17. Qe2 Bc5 18. Nf3 O-O-O 19. b4 Bb6 20. Nd2 a4 21. Nc4 Ba7
22. Kd1 b5 23. Nd2 Bb8 24. Bxb8 Kxb8 25. Qh2+ Kb7 26. Rf1 Ne8 27. Kc1 f6 28. Kb2
Qd6 29. e5 Qc7 30. Ne4 Rd5 31. Nc5+ Ka7 32. Rae1 Rxe5 33. Rxe5 fxe5 34. Ne6 Qd6
35. Rf7+ Ka8 36. Nc5 e4 37. Qg2 Nf6 38. g5 Qd5 39. Rxg7 e3 40. gxf6 Qxg2 41.
Rxg2 Rf8 42. Ne4 Kb7 43. c3 1-0

[Event "World Junior Open 2015"]
[Site "Khanty-Mansiysk RUS"]
[Date "2015.09.10"]
[Round "8.21"]
[White "Carneiro, Vitor Roberto Castro"]
[Black "Isaev, Chyngyz"]
[Result "1-0"]
[WhiteTitle "CM"]
[WhiteElo "2405"]
[BlackElo "2163"]
[WhiteFideId "2130106"]
[BlackFideId "13801660"]
[EventDate "2015.09.02"]

1. Nf3 d5 2. d4 Nf6 3. c4 e6 4. g3 Be7 5. Bg2 O-O 6. O-O dxc4 7. Qc2 Bd7 8. Qxc4
Bc6 9. Nc3 a6 10. a4 a5 11. Bg5 Nbd7 12. Qd3 Re8 13. Rfd1 Bb4 14. Bxf6 Nxf6 15.
Ne5 Bxg2 16. Kxg2 Qe7 17. Ne4 Nxe4 18. Qxe4 c6 19. Rd3 Bd6 20. Nf3 Red8 21. Rad1
Rac8 22. Qg4 Bb8 23. Qh5 Rd5 24. Qh3 Rcd8 25. e4 R5d7 26. Qh5 Bc7 27. Rb3 Rb8
28. Re1 Qd8 29. Ng5 h6 30. Nf3 Bb6 31. Ne5 Re7 32. Rf3 Qe8 33. Rd1 Rd8 34. Rfd3
Bc7 35. Nc4 b5 36. Na3 bxa4 37. Nc4 Rb8 38. Qe2 Rb4 39. Qc2 Qb8 40. R3d2 Qb5 41.
Rc1 Qb7 42. Ra1 Qb5 43. Rc1 Qb7 44. Kg1 Rd7 45. Qd1 Rb3 46. Rcc2 Qb5 47. Qc1 Qb4
48. Rd1 Qb7 49. Rcd2 Rb4 50. Qc3 Qb8 51. Kg2 Qd8 52. Ne3 Bb6 53. Nc2 Rb3 54.
Qxc6 Rc7 55. Qxa4 Rxb2 56. Ne3 Rb4 57. Qa1 Qa8 58. f3 Rb3 59. Rd3 Rb4 60. R1d2
Qa7 61. Ng4 Rd7 62. d5 exd5 63. exd5 Qc7 64. d6 Qc5 65. Rd5 Qc8 66. Ne5 Rd8 67.
d7 Qc7 68. Rd6 f6 69. Qa2+ Kh7 70. Nc6 Rxd7 71. Qc2+ 1-0

[Event "World Junior Open 2015"]
[Site "Khanty-Mansiysk RUS"]
[Date "2015.09.10"]
[Round "8.22"]
[White "Bida, Mihai-Eugen"]
[Black "Hasenohr, Benedict"]
[Result "1/2-1/2"]
[WhiteTitle "FM"]
[BlackTitle "FM"]
[WhiteElo "2394"]
[BlackElo "2309"]
[WhiteFideId "1200062"]
[BlackFideId "1303309"]
[EventDate "2015.09.02"]

1. d4 d5 2. c4 c6 3. Nc3 Nf6 4. e3 e6 5. Nf3 Nbd7 6. b3 b6 7. Bd3 Bb7 8. O-O Bd6
9. Bb2 O-O 10. Qe2 Re8 11. Rad1 Qc7 12. h3 a6 13. e4 e5 14. cxd5 cxd5 15. dxe5
Nxe5 16. Nxd5 Nxd5 17. exd5 Ng6 18. Qc2 Qxc2 19. Bxc2 Nf4 20. Nd4 Nxd5 21. Nf5 1/2-1/2

[Event "World Junior Open 2015"]
[Site "Khanty-Mansiysk RUS"]
[Date "2015.09.10"]
[Round "8.23"]
[White "Ratkovic, Miloje"]
[Black "Taalaibekov, Tagir"]
[Result "1-0"]
[WhiteElo "2388"]
[BlackElo "2222"]
[WhiteFideId "914517"]
[BlackFideId "13801163"]
[EventDate "2015.09.02"]

1. d4 Nf6 2. Nf3 e6 3. c4 Bb4+ 4. Bd2 Qe7 5. Qc2 O-O 6. Nc3 d6 7. a3 Bxc3 8.
Bxc3 Nbd7 9. e3 e5 10. Be2 b6 11. O-O Bb7 12. Rfd1 Be4 13. Qc1 a5 14. b3 h6 15.
Qb2 Rfe8 16. b4 axb4 17. axb4 exd4 18. Nxd4 Ne5 19. f3 Rxa1 20. Qxa1 Ra8 21. Qb2
Bg6 22. e4 Ne8 23. Re1 Qg5 24. Kh1 h5 25. Bf1 h4 26. Qf2 Qe7 27. f4 Ng4 28. Qf3
Bh5 29. Nf5 Qd8 30. h3 Ngf6 31. Qf2 Bg6 32. Qxh4 Bxf5 33. exf5 Qd7 34. g4 Ra3
35. Bxf6 Nxf6 36. g5 Nh7 37. Bg2 Qxf5 38. Re8+ Nf8 39. g6 Rxh3+ 40. Qxh3 Qxg6
41. Be4 1-0

[Event "World Junior Open 2015"]
[Site "Khanty-Mansiysk RUS"]
[Date "2015.09.10"]
[Round "8.24"]
[White "Bilguun, Sumiya"]
[Black "Van Laeken, Jonathan"]
[Result "0-1"]
[WhiteTitle "FM"]
[WhiteElo "2343"]
[BlackElo "1866"]
[WhiteFideId "4901541"]
[BlackFideId "228567"]
[EventDate "2015.09.02"]

1. e4 c5 2. Nf3 d6 3. d4 cxd4 4. Nxd4 Nf6 5. Nc3 g6 6. Be3 Bg7 7. f3 Nc6 8. Qd2
O-O 9. Bc4 Bd7 10. O-O-O Rc8 11. Bb3 Nxd4 12. Bxd4 b5 13. h4 a5 14. a4 bxa4 15.
Nxa4 Bxa4 16. Bxa4 Rc4 17. Bb3 Nxe4 18. Qe3 Rxd4 19. Rxd4 Ng3 20. Rdd1 Nxh1 21.
Rxh1 Qb8 22. Qe4 Rc8 23. Qa4 Qa7 24. h5 e6 25. hxg6 hxg6 26. f4 Qf2 27. g4 Qf3
28. Re1 Bxb2+ 29. Kb1 Bg7 30. Qd7 Qc3 0-1

[Event "World Junior Open 2015"]
[Site "Khanty-Mansiysk RUS"]
[Date "2015.09.10"]
[Round "8.25"]
[White "Makhnyov, Denis"]
[Black "Harsha, Bharathakoti"]
[Result "1-0"]
[WhiteTitle "FM"]
[WhiteElo "2358"]
[BlackElo "2393"]
[WhiteFideId "13707647"]
[BlackFideId "5078776"]
[EventDate "2015.09.02"]

1. d4 d5 2. c4 e6 3. Nc3 c6 4. Nf3 Nf6 5. e3 Nbd7 6. Bd3 dxc4 7. Bxc4 b5 8. Bd3
Bb7 9. O-O a6 10. Qe2 c5 11. dxc5 Nxc5 12. Bc2 Rc8 13. a3 Qc7 14. e4 Bd6 15. Bd2
O-O 16. Rfd1 h6 17. h3 Qb8 18. Be1 Rfd8 19. Qe3 e5 20. b4 Ne6 21. Bb3 Nd4 22.
Rab1 Nxb3 23. Rxb3 Qa8 24. Nd2 Bb8 25. Rbb1 Ba7 26. Qg3 Nxe4 27. Ndxe4 Bxe4 28.
Rxd8+ Rxd8 29. Rc1 Bd4 30. Bd2 Kh7 31. Re1 Bc6 32. Ne2 Rd6 33. Nxd4 Rg6 34. Qxe5
Bxg2 35. f3 Bxf3+ 36. Kf2 Rg2+ 37. Ke3 Bd5 38. Kd3 Bc4+ 39. Kc3 Rg6 40. h4 Qc8
41. h5 Rg4 42. Qf5+ Qxf5 43. Nxf5 Rg2 44. Re7 Rh2 45. Nd6 Bd5 46. Nxf7 Rxh5 47.
Nxh6 Rh3+ 48. Kd4 Bc4 49. Be3 Kg6 50. Ng4 Rh4 51. Re4 Kf5 52. Rf4+ Kg5 53. Re4+
Kf5 54. Nf2 Rh2 55. Re5+ Kg6 56. Rc5 Rh4+ 57. Kc3 1-0

[Event "World Junior Open 2015"]
[Site "Khanty-Mansiysk RUS"]
[Date "2015.09.10"]
[Round "8.26"]
[White "Beradze, Irakli"]
[Black "Bogdanov, Egor"]
[Result "1-0"]
[WhiteElo "2380"]
[BlackElo "2333"]
[WhiteFideId "13604597"]
[BlackFideId "14119137"]
[EventDate "2015.09.02"]

1. d4 Nf6 2. c4 g6 3. Nc3 d5 4. cxd5 Nxd5 5. e4 Nxc3 6. bxc3 c5 7. Be3 Bg7 8.
Rc1 O-O 9. Qd2 Qa5 10. Nf3 Rd8 11. Be2 Bg4 12. d5 e6 13. c4 Qa3 14. Ng5 Bxe2 15.
Qxe2 exd5 16. cxd5 Bc3+ 17. Kf1 Bd4 18. Re1 Bxe3 19. Qxe3 Qxe3 20. Rxe3 Nd7 21.
Ke2 b5 22. f4 Nb6 23. g4 h6 24. Nf3 Re8 25. Kf2 b4 26. Rc1 Na4 27. e5 Nc3 28.
Rcxc3 bxc3 29. Rxc3 Rab8 30. d6 Rb2+ 31. Ke3 Rxa2 32. Rxc5 Rd8 33. Nd4 Rxh2 34.
Rc7 Rh1 35. Nc6 Rf8 36. d7 Rd1 37. Nd4 Re1+ 38. Kd3 Rb1 39. Rc8 Rb8 40. Rxb8
Rxb8 41. Nc6 Rf8 42. f5 1-0

[Event "World Junior Open 2015"]
[Site "Khanty-Mansiysk RUS"]
[Date "2015.09.10"]
[Round "8.27"]
[White "El Fazari, Mohamed Amin"]
[Black "Serikbay, Chingiz"]
[Result "0-1"]
[BlackTitle "FM"]
[WhiteElo "1832"]
[BlackElo "2272"]
[WhiteFideId "9002545"]
[BlackFideId "13707604"]
[EventDate "2015.09.02"]

1. d4 Nf6 2. c4 b6 3. Nf3 e6 4. g3 Bb4+ 5. Bd2 Qe7 6. Bg2 Bb7 7. O-O Bxd2 8.
Qxd2 d6 9. Nc3 Ne4 10. Qc2 Nxc3 11. Qxc3 Nd7 12. Rfd1 O-O 13. Rac1 a5 14. b3 f5
15. Qe3 Rae8 16. Rd2 Qf6 17. a3 f4 18. gxf4 Qxf4 19. Qxf4 Rxf4 20. b4 axb4 21.
axb4 Ra8 22. c5 Ra4 23. Rb2 Bd5 24. h3 dxc5 25. bxc5 bxc5 26. dxc5 Rfc4 27. Rxc4
Rxc4 28. Rd2 Bxf3 29. Bxf3 Nxc5 30. Rd8+ Kf7 31. Rc8 Nd7 32. Kg2 Ne5 33. Bb7 c5
34. f3 Ng6 35. Kg3 Nf4 36. Ba6 Nh5+ 37. Kf2 Rc3 38. Ke1 Nf4 39. Kd2 Ra3 40. h4 0-1

[Event "World Junior Open 2015"]
[Site "Khanty-Mansiysk RUS"]
[Date "2015.09.10"]
[Round "8.28"]
[White "Sabirov, Timur"]
[Black "Lootens, Matthias"]
[Result "0-1"]
[WhiteElo "1665"]
[BlackElo "1935"]
[WhiteFideId "44107323"]
[BlackFideId "218634"]
[EventDate "2015.09.02"]

1. e4 c5 2. Nf3 d6 3. d4 cxd4 4. Nxd4 Nf6 5. Nc3 g6 6. Be3 Bg7 7. f3 O-O 8. Qd2
Nc6 9. O-O-O d5 10. Kb1 Nxd4 11. Bxd4 dxe4 12. fxe4 Be6 13. Be2 Qa5 14. Bf3 Rfd8
15. Qf4 Rac8 16. Qe5 Qa6 17. Be2 Bxa2+ 18. Nxa2 Qxe2 19. Nc3 Qc4 20. b3 Qc6 21.
Rd2 Nh5 22. Nd5 Bxe5 23. Nxe7+ Kf8 24. Nxc6 bxc6 0-1

[Event "World Junior Open 2015"]
[Site "Khanty-Mansiysk RUS"]
[Date "2015.09.10"]
[Round "8.29"]
[White "Ererdem, Gani Eren"]
[Black "Dutreuil, Raphael"]
[Result "1/2-1/2"]
[WhiteElo "2213"]
[BlackElo "2166"]
[WhiteFideId "6310915"]
[BlackFideId "20630999"]
[EventDate "2015.09.02"]

1. d4 Nf6 2. Nf3 g6 3. Nbd2 d5 4. e3 Bg7 5. b4 c6 6. c4 O-O 7. Bb2 Na6 8. a3 Nc7
9. Be2 a5 10. bxa5 Rxa5 11. O-O Bf5 12. Nb3 Ra7 13. a4 Na6 14. a5 Ne4 15. Rc1
Nd6 16. c5 Ne4 17. Ne5 f6 18. Nd3 Ng5 19. Ra1 e5 20. dxe5 Bxd3 21. Bxd3 fxe5 22.
f4 Nf7 23. f5 Qg5 24. fxg6 hxg6 25. Qd2 Bh6 26. Rf3 d4 27. Rg3 Qxe3+ 28. Qxe3
Bxe3+ 29. Kh1 g5 30. Bc1 Bf4 31. Bxf4 exf4 32. Rh3 Nb4 33. Bh7+ Kg7 34. Nxd4 Rh8
35. Bf5 Rxh3 36. gxh3 Kf6 37. Bc8 Nd3 38. Nb3 Nfe5 39. Kg2 Ke7 40. Rd1 f3+ 41.
Kg3 Kf6 42. Bg4 Ra8 43. Bxf3 Rh8 44. Be2 Nf4 45. Bf1 Ne6 46. Rd6 Ke7 47. Rd1 Rf8
48. Be2 Rf4 49. Bg4 Nxg4 50. hxg4 Rc4 51. Rd3 Nxc5 52. Nxc5 Rxc5 53. Ra3 Kf6 54.
h4 gxh4+ 55. Kxh4 Kg6 56. Rb3 Rb5 57. Ra3 Rc5 1/2-1/2